Alternatívne ukazovatele ako doplnok k vykazovaniu HDP

Hrubý domáci produkt. Nedostatky vykazovania HDP. Alternatívne ukazovatele: čistý ekonomický blahobyt, index ľudského rozvoja, ukazovateľ reálneho pokroku, ekologická stopa. Vývoj vybraných ukazovateľov v SR.

Uložené v:
Podrobná bibliografia
Hlavný autor: Šimonová, Erika
Médium: Kapitola
Jazyk:Slovak
Predmet:
Tagy: Pridať tag
Žiadne tagy, Buďte prvý, kto otaguje tento záznam!

MARC

LEADER 00000nla a2200000 4500
001 0195815
005 20240502073307.3
041 0 |a slo 
044 |a SK 
245 1 0 |a Alternatívne ukazovatele ako doplnok k vykazovaniu HDP  |c Erika Šimonová 
520 |a Hrubý domáci produkt. Nedostatky vykazovania HDP. Alternatívne ukazovatele: čistý ekonomický blahobyt, index ľudského rozvoja, ukazovateľ reálneho pokroku, ekologická stopa. Vývoj vybraných ukazovateľov v SR. 
610 2 0 |a ukazovatele makroekonomické 
610 2 0 |a produkt domáci hrubý 
610 2 0 |a indexy 
610 2 0 |a index rozvoja ľudského 
610 2 0 |a správanie spotrebiteľa 
610 2 0 |a ekológia 
610 2 0 |a prostredie životné 
610 2 0 |a blahobyt 
610 2 0 |a pokrok 
610 2 0 |a Slovensko 
100 1 |a Šimonová, Erika